[Event "24. Copenhagen Open  (Politiken Cup)"]
[Site "Copenhagen"]
[Date "2002.07.23"]
[Round "8"]
[White "Abdagic, Edib"]
[Black "Olsson, Tomas"]
[Result "1/2-1/2"]
[WhiteElo "1831"]
[BlackElo "2109"]
[PlyCount "106"]
[EventDate "2002.07.15"]
[EventType "swiss"]
[EventRounds "11"]
[EventCountry "DEN"]
[SourceDate "2004.01.01"]

1. d4 Nf6 2. c4 g6 3. Nc3 Bg7 4. e4 d6 5. Be3 O-O 6. Nf3 Bg4 7. Be2 Nbd7 8. Qd2
c6 9. Bh6 e5 10. Bxg7 Kxg7 11. h3 Bxf3 12. Bxf3 Qb6 13. O-O-O Qb4 14. Be2 a6
15. g4 b5 16. g5 Ne8 17. h4 Nb6 18. h5 Nxc4 19. Qc2 Nc7 20. a3 Qa5 21. Bxc4
bxc4 22. d5 Nb5 23. Nxb5 cxb5 24. Rh3 Rac8 25. Rdh1 c3 26. Rxc3 Rxc3 27. Qxc3
Qxc3+ 28. bxc3 f5 29. h6+ Kg8 30. f3 fxe4 31. fxe4 Rf4 32. Kd2 Kf7 33. a4 Rg4
34. axb5 axb5 35. Ra1 Rxg5 36. Ra7+ Kf6 37. Rxh7 Rg2+ 38. Kd3 Kg5 39. Rh8 Rg3+
40. Kd2 Rh3 41. h7 Kg4 42. Kc2 g5 43. Kb3 Rh6 44. Kb4 Kh3 45. Kxb5 g4 46. Kc6
g3 47. c4 g2 48. Rg8 Rxh7 49. Kxd6 Rh4 50. Rxg2 Kxg2 51. Kxe5 Kf3 52. c5 Rxe4+
53. Kd6 Rc4 1/2-1/2

[Event "24. Copenhagen Open  (Politiken Cup)"]
[Site "Copenhagen"]
[Date "2002.07.23"]
[Round "8"]
[White "Akesson, Joel"]
[Black "Robertsen, Thomas"]
[Result "1-0"]
[WhiteElo "2234"]
[BlackElo "2022"]
[PlyCount "147"]
[EventDate "2002.07.15"]
[EventType "swiss"]
[EventRounds "11"]
[EventCountry "DEN"]
[SourceDate "2004.01.01"]

1. d4 Nf6 2. c4 g6 3. g3 Bg7 4. Bg2 O-O 5. Nc3 d6 6. Nf3 Nbd7 7. O-O e5 8. e4
exd4 9. Nxd4 Re8 10. h3 Nc5 11. Re1 Bd7 12. Bf4 a5 13. Qd2 a4 14. Rad1 Ne6 15.
Be3 Qc8 16. Ndb5 Nf8 17. f3 a3 18. Nxa3 Bxh3 19. Nab5 Bd7 20. b3 Bc6 21. a4 Ne6
22. Qf2 Bxb5 23. Nxb5 g5 24. Nd4 Nxd4 25. Bxd4 Nh5 26. Be3 h6 27. Kh2 Nf6 28.
Bd4 Qe6 29. Bh3 Qe7 30. Bf5 Nh5 31. Be3 Kh8 32. Rh1 Be5 33. Rdg1 Rg8 34. Bd4
Kg7 35. Kg2 Nf6 36. Be3 Rh8 37. Qd2 Nd7 38. Bxd7 Qxd7 39. f4 gxf4 40. gxf4 Bf6
41. e5 Be7 42. f5 Kf8 43. f6 Bd8 44. Rxh6 Rxh6 45. Bxh6+ Ke8 46. Kh2 Qf5 47.
Bf4 Qh5+ 48. Kg2 Kd7 49. exd6 c6 50. Qd1 Qf5 51. Rf1 Bb6 52. Bg3 Qe4+ 53. Rf3
Rg8 54. Qd3 Qe1 55. c5 Ba5 56. Qe3 Qxe3 57. Rxe3 Bd8 58. Kf3 Bxf6 59. Be5 Bd8
60. Bd4 Rg6 61. Ke4 Rg4+ 62. Kd3 b6 63. cxb6 Rxd4+ 64. Kxd4 Bxb6+ 65. Kd3 Bxe3
66. Kxe3 Kxd6 67. b4 Kc7 68. a5 Kb7 69. Kd4 Kc7 70. Ke5 Kb7 71. Kf6 Ka6 72.
Kxf7 Kb5 73. Ke6 c5 74. a6 1-0

[Event "24. Copenhagen Open  (Politiken Cup)"]
[Site "Copenhagen"]
[Date "2002.07.23"]
[Round "8"]
[White "Andersen, Ib Hother"]
[Black "Tandrup, Michael"]
[Result "1-0"]
[WhiteElo "2160"]
[BlackElo "1874"]
[PlyCount "81"]
[EventDate "2002.07.15"]
[EventType "swiss"]
[EventRounds "11"]
[EventCountry "DEN"]
[SourceDate "2004.01.01"]

1. e4 c5 2. Nf3 Nc6 3. d4 cxd4 4. Nxd4 e5 5. Nb5 a6 6. Nd6+ Bxd6 7. Qxd6 Qf6 8.
Qxf6 Nxf6 9. Nc3 Nb4 10. Bd3 Nxd3+ 11. cxd3 h6 12. a4 O-O 13. O-O d6 14. f4 Bd7
15. fxe5 dxe5 16. Bxh6 Ng4 17. Bg5 f6 18. Bd2 Kh7 19. h3 Nh6 20. Bxh6 Kxh6 21.
Rad1 Be6 22. d4 exd4 23. Rxd4 Rac8 24. Rd6 Bb3 25. e5 Kg6 26. exf6 gxf6 27. Rb6
Bc4 28. Rf2 Rc7 29. Ne4 Rc6 30. Rxb7 Bd5 31. Rb4 Re8 32. Nc3 Bf7 33. Rg4+ Kh6
34. Ne4 Ree6 35. Ng3 Bg6 36. Nf5+ Kh7 37. Rgf4 Rc1+ 38. Kh2 Rb6 39. Nh4 Kg7 40.
Rg4 f5 41. Rxf5 1-0

[Event "24. Copenhagen Open  (Politiken Cup)"]
[Site "Copenhagen"]
[Date "2002.07.23"]
[Round "8"]
[White "Arngrimsson, Dagur"]
[Black "Richards, Heather"]
[Result "1/2-1/2"]
[WhiteElo "2149"]
[BlackElo "2275"]
[PlyCount "138"]
[EventDate "2002.07.15"]
[EventType "swiss"]
[EventRounds "11"]
[EventCountry "DEN"]
[SourceDate "2004.01.01"]

1. e4 e6 2. d4 d5 3. exd5 exd5 4. Bd3 Nc6 5. c3 Bd6 6. Nf3 Bg4 7. O-O Nge7 8.
Bg5 Qd7 9. Nbd2 f6 10. Bh4 O-O-O 11. Bg3 h5 12. Qc2 g5 13. Bxd6 Qxd6 14. b4
Rde8 15. b5 Nd8 16. c4 dxc4 17. Nxc4 Qf4 18. Rac1 Bxf3 19. Ne5 Ne6 20. Nxf3 g4
21. Qc4 Qd6 22. Nd2 f5 23. Nb3 Kb8 24. Rfe1 Nf4 25. Bf1 h4 26. Nc5 g3 27. fxg3
hxg3 28. h3 Ned5 29. Qb3 Nb6 30. Qc3 Nfd5 31. Qf3 Qf4 32. Qxf4 Nxf4 33. a4 Kc8
34. a5 Nbd5 35. Re5 Rxe5 36. dxe5 Ne3 37. Rc3 Nfd5 38. Rd3 Re8 39. e6 b6 40.
Nb3 Rxe6 41. Nd4 Re5 42. Nc6 Re8 43. a6 Re4 44. Rd4 Re8 45. Bd3 Ne7 46. Ne5 Rd8
47. Rh4 c6 48. Rh7 Rd4 49. Rxe7 Ra4 50. Bxf5+ Nxf5 51. Re8+ Kc7 52. Kf1 cxb5
53. Ke2 Kd6 54. Kf3 Rxa6 55. Kf4 Ng7 56. Nf7+ Kd7 57. Re5 Ra3 58. Rxb5 Ke7 59.
Ne5 Ke6 60. Nf3 Ra4+ 61. Kxg3 Nf5+ 62. Kh2 Nd6 63. Rb1 b5 64. g4 a5 65. Kg3 Rc4
66. Kh4 a4 67. Kh5 Rf4 68. Nd2 Rf2 69. Re1+ Kd5 1/2-1/2

[Event "24. Copenhagen Open  (Politiken Cup)"]
[Site "Copenhagen"]
[Date "2002.07.23"]
[Round "8"]
[White "Auchenberg, Einar"]
[Black "Thestrup, Sixten"]
[Result "1-0"]
[WhiteElo "1654"]
[BlackElo "1430"]
[PlyCount "77"]
[EventDate "2002.07.15"]
[EventType "swiss"]
[EventRounds "11"]
[EventCountry "DEN"]
[SourceDate "2004.01.01"]

1. e4 c5 2. Nc3 a6 3. f4 b5 4. Nf3 Bb7 5. d3 e6 6. Be3 d5 7. exd5 exd5 8. d4 c4
9. Be2 Bd6 10. a3 Ne7 11. b4 Nf5 12. Qd2 O-O 13. Bf2 Re8 14. g4 Ne7 15. f5 Qc7
16. Qg5 Bf4 17. Qh4 Nd7 18. Bg3 Nf6 19. Ne5 Nxf5 20. gxf5 Bxe5 21. Bxe5 Rxe5
22. dxe5 Qxe5 23. Qg3 Qxg3+ 24. hxg3 d4 25. Nxb5 Bxh1 26. Nxd4 Bd5 27. O-O-O
Ne4 28. Bf3 Rd8 29. Bxe4 Bxe4 30. c3 h6 31. Rf1 Bd3 32. Rf4 Re8 33. Kd2 g5 34.
fxg6 fxg6 35. Rf6 Ra8 36. Ke3 Kg7 37. Rc6 g5 38. Ne6+ Kf7 39. Nc5 1-0

[Event "24. Copenhagen Open  (Politiken Cup)"]
[Site "Copenhagen"]
[Date "2002.07.23"]
[Round "8"]
[White "Auchenberg, Per"]
[Black "Sanchez Martin, Vanessa"]
[Result "1-0"]
[WhiteElo "2022"]
[BlackElo "2123"]
[PlyCount "81"]
[EventDate "2002.07.15"]
[EventType "swiss"]
[EventRounds "11"]
[EventCountry "DEN"]
[SourceDate "2004.01.01"]

1. f4 d5 2. b3 Nf6 3. Bb2 g6 4. Nf3 Bg7 5. c4 e6 6. e3 O-O 7. Qc2 b6 8. g3 Bb7
9. Bg2 c5 10. O-O Nc6 11. a3 a5 12. Nc3 Ba6 13. Na4 Rc8 14. Rfe1 Ne7 15. d3 Nd7
16. Bxg7 Kxg7 17. Qb2+ Kg8 18. Nc3 Bb7 19. e4 d4 20. Nb5 Ba8 21. Nd6 Rb8 22. e5
Nf5 23. Nxf5 gxf5 24. Qe2 h6 25. Nh4 Bxg2 26. Kxg2 Kh7 27. Qh5 Qe8 28. Nf3 Kg7
29. a4 Qe7 30. g4 fxg4 31. Qxg4+ Kh7 32. Qh5 Rg8+ 33. Kf2 f6 34. Rg1 Rxg1 35.
Rxg1 Rg8 36. Rxg8 Kxg8 37. Qxh6 fxe5 38. Qg6+ Kf8 39. Ng5 Nf6 40. fxe5 Ng4+ 41.
Kg3 1-0

[Event "24. Copenhagen Open  (Politiken Cup)"]
[Site "Copenhagen"]
[Date "2002.07.23"]
[Round "8"]
[White "Baldursson, Rani"]
[Black "Olsen, Miriam Frida"]
[Result "0-1"]
[WhiteElo "1426"]
[BlackElo "1894"]
[PlyCount "68"]
[EventDate "2002.07.15"]
[EventType "swiss"]
[EventRounds "11"]
[EventCountry "DEN"]
[SourceDate "2004.01.01"]

1. e4 c5 2. d4 cxd4 3. c3 dxc3 4. Nxc3 Nc6 5. Bc4 e6 6. Nf3 a6 7. O-O Nge7 8.
Qe2 b5 9. Bb3 Ng6 10. Rd1 Be7 11. Be3 O-O 12. Rac1 Bb7 13. Rd2 Qc7 14. a4 b4
15. Na2 Rfd8 16. Nd4 Rac8 17. Rdc2 Qb8 18. Nxc6 Rxc6 19. Rxc6 dxc6 20. Bb6 Rd7
21. Qc4 Ne5 22. Qe2 Nd3 23. Rd1 Nf4 24. Qc4 Rxd1+ 25. Bxd1 Qd6 26. Qd4 Qxd4 27.
Bxd4 c5 28. Be3 Nd3 29. b3 Bxe4 30. Be2 a5 31. Nc1 Nxc1 32. Bxc1 Bd5 33. Bc4
Bxc4 34. bxc4 Bf6 0-1

[Event "24. Copenhagen Open  (Politiken Cup)"]
[Site "Copenhagen"]
[Date "2002.07.23"]
[Round "8"]
[White "Bekker Jensen, David"]
[Black "Aaberg, Anton"]
[Result "1/2-1/2"]
[WhiteElo "2338"]
[BlackElo "2408"]
[PlyCount "94"]
[EventDate "2002.07.15"]
[EventType "swiss"]
[EventRounds "11"]
[EventCountry "DEN"]
[SourceDate "2004.01.01"]

1. d4 Nf6 2. c4 g6 3. g3 d5 4. cxd5 Nxd5 5. Bg2 Bg7 6. e4 Nb6 7. Ne2 O-O 8. O-O
e5 9. d5 c6 10. Nbc3 cxd5 11. exd5 Bf5 12. b3 Nc8 13. a4 Re8 14. Ba3 a6 15. d6
Nc6 16. Re1 Bf8 17. Ne4 Bxe4 18. d7 Bxg2 19. dxe8=Q Qxe8 20. Kxg2 Bxa3 21. Rxa3
Nb6 22. Qd6 Rd8 23. Qc5 Nd5 24. Nc3 Ndb4 25. Rd1 Nd3 26. Qb6 Ncb4 27. Raa1 Qe7
28. Ne4 Kg7 29. Nc5 Rd4 30. Nxd3 Nxd3 31. Kg1 Qd7 32. Rd2 e4 33. Rad1 f5 34.
Qa5 f4 35. Rc2 Kh6 36. h4 Qg4 37. Qg5+ Qxg5 38. hxg5+ Kxg5 39. Rc4 Rxc4 40.
bxc4 a5 41. f3 fxg3 42. Kg2 Kf4 43. fxe4 Kxe4 44. Rb1 Nb4 45. Rd1 Nd3 46. Rb1
Nb4 47. Rd1 Nd3 1/2-1/2

[Event "24. Copenhagen Open  (Politiken Cup)"]
[Site "Copenhagen"]
[Date "2002.07.23"]
[Round "8"]
[White "Bengtsson, Ola"]
[Black "Jensen, Allan Astrup"]
[Result "1/2-1/2"]
[WhiteElo "2075"]
[BlackElo "2205"]
[PlyCount "51"]
[EventDate "2002.07.15"]
[EventType "swiss"]
[EventRounds "11"]
[EventCountry "DEN"]
[SourceDate "2004.01.01"]

1. d4 d5 2. c4 e6 3. Nc3 c5 4. e3 Nf6 5. Nf3 Nc6 6. Be2 Bd6 7. O-O O-O 8. a3 b6
9. Bd2 Bb7 10. cxd5 exd5 11. dxc5 bxc5 12. Rc1 d4 13. exd4 Nxd4 14. Nxd4 cxd4
15. Nb5 Be7 16. a4 a6 17. Nc7 Rc8 18. Nxa6 Qb6 19. a5 Qe6 20. Nc7 Qe5 21. a6
Rxc7 22. Rxc7 Qxc7 23. axb7 Qxb7 24. Bc1 Rd8 25. Bd3 Qd5 26. Qa4 1/2-1/2

[Event "24. Copenhagen Open  (Politiken Cup)"]
[Site "Copenhagen"]
[Date "2002.07.23"]
[Round "8"]
[White "Bering, Anders"]
[Black "Christensen, Janus"]
[Result "1-0"]
[WhiteElo "2119"]
[BlackElo "1961"]
[PlyCount "53"]
[EventDate "2002.07.15"]
[EventType "swiss"]
[EventRounds "11"]
[EventCountry "DEN"]
[SourceDate "2004.01.01"]

1. e4 e5 2. Bc4 Nf6 3. d4 Nxe4 4. dxe5 Qh4 5. Qf3 Ng5 6. Qf4 Qxf4 7. Bxf4 Ne6
8. Bg3 Nc6 9. Nf3 Bc5 10. Nc3 Ned4 11. Nd5 Nxf3+ 12. gxf3 Bb6 13. O-O-O O-O 14.
Rhg1 Kh8 15. f4 Na5 16. Nxb6 axb6 17. Bd5 f6 18. exf6 Rxf6 19. Rde1 Rf8 20. f5
d6 21. Re7 c6 22. Bxd6 Bxf5 23. Rgxg7 cxd5 24. Be5 Rfe8 25. Rxh7+ Kg8 26. Reg7+
Kf8 27. Rh8# 1-0

[Event "24. Copenhagen Open  (Politiken Cup)"]
[Site "Copenhagen"]
[Date "2002.07.23"]
[Round "8"]
[White "Binau, Daniel"]
[Black "Korsgaard, Peter"]
[Result "0-1"]
[WhiteElo "1439"]
[BlackElo "1956"]
[PlyCount "24"]
[EventDate "2002.07.15"]
[EventType "swiss"]
[EventRounds "11"]
[EventCountry "DEN"]
[SourceDate "2004.01.01"]

1. f4 d5 2. b3 Nf6 3. Bb2 g6 4. e3 Bg7 5. Nf3 O-O 6. Nc3 c5 7. h3 Nc6 8. Ne2 d4
9. exd4 Nd5 10. c4 Ncb4 11. d3 Ne3 12. Qd2 Nec2+ 0-1

[Event "24. Copenhagen Open  (Politiken Cup)"]
[Site "Copenhagen"]
[Date "2002.07.23"]
[Round "8"]
[White "Brasoy, Aksel"]
[Black "Spanton, Timothy"]
[Result "1/2-1/2"]
[WhiteElo "1665"]
[BlackElo "2008"]
[PlyCount "126"]
[EventDate "2002.07.15"]
[EventType "swiss"]
[EventRounds "11"]
[EventCountry "DEN"]
[SourceDate "2004.01.01"]

1. d4 d5 2. c4 Nc6 3. Nc3 dxc4 4. Nf3 Bg4 5. d5 Bxf3 6. gxf3 Ne5 7. Qd4 Nd7 8.
Qxc4 Ngf6 9. Bh3 Nb6 10. Qb5+ Nfd7 11. Be3 a6 12. Qb3 g6 13. Bd4 Nf6 14. Rd1
Bg7 15. O-O O-O 16. f4 Nh5 17. Bxg7 Kxg7 18. e3 Nf6 19. Rd4 Qd6 20. Rfd1 Nbd7
21. a4 Nc5 22. Qc2 Rfb8 23. b4 Ncd7 24. b5 Qc5 25. Qb2 Qb6 26. e4 Nc5 27. e5
Ne8 28. d6 cxd6 29. Nd5 Qd8 30. exd6 exd6 31. Nb6 Qf6 32. Nxa8 Rxa8 33. Qe2 Rd8
34. Bg2 Nc7 35. b6 N7e6 36. Rc4 Nxf4 37. Qf3 Nfe6 38. Qxf6+ Kxf6 39. Rdc1 Ke7
40. Kf1 f6 41. Bd5 g5 42. Re1 Kd7 43. Bf3 f5 44. Rd1 Rg8 45. Bd5 Rg6 46. a5 Rh6
47. Kg1 Rh3 48. f3 h5 49. Re1 g4 50. Rc2 Nd4 51. Rxc5 dxc5 52. fxg4 hxg4 53.
Bxb7 Ra3 54. Kg2 Rxa5 55. Kg3 Ra3+ 56. Kf4 Rf3+ 57. Bxf3 Nxf3 58. Rc1 Kc6 59.
b7 Kxb7 60. Rxc5 Nxh2 61. Rxf5 Nf1 62. Rf7+ Kb6 63. Kxg4 Ne3+ 1/2-1/2

[Event "24. Copenhagen Open  (Politiken Cup)"]
[Site "Copenhagen"]
[Date "2002.07.23"]
[Round "8"]
[White "Bromann, Thorbjorn"]
[Black "Romsdal, Trond"]
[Result "1-0"]
[WhiteElo "2378"]
[BlackElo "2205"]
[PlyCount "63"]
[EventDate "2002.07.15"]
[EventType "swiss"]
[EventRounds "11"]
[EventCountry "DEN"]
[SourceDate "2004.01.01"]

1. b3 d6 2. Bb2 e5 3. e3 Nd7 4. Nf3 g6 5. d4 Bg7 6. dxe5 dxe5 7. Bc4 Nh6 8. O-O
O-O 9. e4 Re8 10. Qc1 Nc5 11. Rd1 Qe7 12. Ba3 c6 13. Nc3 b5 14. Bxb5 cxb5 15.
Nd5 Qb7 16. Bxc5 f5 17. Ng5 Ng4 18. Ne7+ Rxe7 19. Rd8+ Bf8 20. Qa3 Kg7 21. Rad1
Qc7 22. Rxf8 Kxf8 23. Bxe7+ Kg7 24. Rd8 Qb6 25. Nh3 Qc7 26. Ng5 Qb6 27. Nh3 Qc7
28. Bf6+ Kh6 29. Bg5+ Kh5 30. Qc1 Bb7 31. Rd3 Bxe4 32. Bd8 1-0

[Event "24. Copenhagen Open  (Politiken Cup)"]
[Site "Copenhagen"]
[Date "2002.07.23"]
[Round "8"]
[White "Busk, Casper"]
[Black "Christensen, Christian"]
[Result "1/2-1/2"]
[WhiteElo "1859"]
[BlackElo "2131"]
[PlyCount "99"]
[EventDate "2002.07.15"]
[EventType "swiss"]
[EventRounds "11"]
[EventCountry "DEN"]
[SourceDate "2004.01.01"]

1. e4 e5 2. Nf3 Nc6 3. d4 exd4 4. Bc4 Nf6 5. Ng5 d5 6. exd5 Na5 7. Qe2+ Qe7 8.
Bb5+ c6 9. Qxe7+ Bxe7 10. dxc6 bxc6 11. Ba4 O-O 12. Bd2 Nc4 13. Bxc6 Rb8 14. b3
Nxd2 15. Nxd2 Bb4 16. O-O-O Bf5 17. Nde4 Rfc8 18. Nxf6+ gxf6 19. Be4 fxg5 20.
Bxf5 Rc5 21. g4 Bc3 22. h4 h6 23. hxg5 hxg5 24. Rh5 Re8 25. Rxg5+ Kf8 26. Rh5
Re2 27. Bd3 Rxh5 28. Bxe2 Rh2 29. Rf1 Ke7 30. Kd1 Kd6 31. Bf3 Ke5 32. Ke2 Kf4
33. Rh1 Rxh1 34. Bxh1 Kxg4 35. Kd3 a5 36. a3 Kf5 37. Kc4 Ke6 38. Bd5+ Ke7 39.
Kc5 f6 40. b4 axb4 41. axb4 Kd7 42. b5 Kc7 43. b6+ Kb8 44. f4 Be1 45. Bc6 Bf2
46. Kd5 d3 47. cxd3 Bxb6 48. d4 Kc7 49. Ba4 Kd8 50. Ke4 1/2-1/2

[Event "24. Copenhagen Open  (Politiken Cup)"]
[Site "Copenhagen"]
[Date "2002.07.23"]
[Round "8"]
[White "Carstensen, Jacob"]
[Black "Nilssen, John Arni"]
[Result "0-1"]
[WhiteElo "2246"]
[BlackElo "2363"]
[PlyCount "106"]
[EventDate "2002.07.15"]
[EventType "swiss"]
[EventRounds "11"]
[EventCountry "DEN"]
[SourceDate "2004.01.01"]

1. c4 g6 2. Nc3 Bg7 3. Nf3 Nf6 4. d4 d5 5. Qb3 dxc4 6. Qxc4 O-O 7. e4 Na6 8.
Be2 c5 9. d5 e6 10. O-O exd5 11. exd5 b6 12. Bg5 h6 13. Bh4 Nb4 14. Rad1 Re8
15. Qb3 Bf5 16. Rd2 g5 17. Bg3 Rxe2 18. Rxe2 Bd3 19. Rd2 Bxf1 20. Kxf1 g4 21.
Ne5 Nh5 22. Nxg4 f5 23. a3 Na6 24. d6+ Kh8 25. Qd5 Nxg3+ 26. hxg3 fxg4 27. Nb5
Qg8 28. Qb7 Qc4+ 29. Re2 Re8 30. Qe7 Rxe7 31. dxe7 Qc1+ 32. Re1 Qc4+ 33. Re2
Qxb5 34. e8=Q+ Qxe8 35. Rxe8+ Kh7 36. b3 Nc7 37. Re7 Nb5 38. a4 Nd4 39. Rxa7
Nxb3 40. Ke2 c4 41. Rc7 c3 42. Kd1 h5 43. f4 Na1 44. Rb7 c2+ 45. Kc1 Kg8 46.
Rxb6 Bf8 47. Rb2 Ba3 48. a5 Bxb2+ 49. Kxb2 c1=Q+ 50. Kxc1 Nb3+ 51. Kc2 Nxa5 52.
Kd3 Kf7 53. Ke4 Kf6 0-1

[Event "24. Copenhagen Open  (Politiken Cup)"]
[Site "Copenhagen"]
[Date "2002.07.23"]
[Round "8"]
[White "Cazzaniga, Walter"]
[Black "Unmack, Christian"]
[Result "1/2-1/2"]
[WhiteElo "2121"]
[BlackElo "1993"]
[PlyCount "116"]
[EventDate "2002.07.15"]
[EventType "swiss"]
[EventRounds "11"]
[EventCountry "DEN"]
[SourceDate "2004.01.01"]

1. d4 d5 2. c4 e6 3. Nc3 Nf6 4. Bg5 Be7 5. Nf3 O-O 6. e3 Nbd7 7. cxd5 exd5 8.
Bd3 c6 9. Qc2 Re8 10. O-O-O Nf8 11. h3 Be6 12. g4 Qa5 13. Kb1 Ne4 14. Bxe7 Rxe7
15. Bxe4 dxe4 16. Nd2 Bd5 17. Rc1 Re6 18. Nb3 Bxb3 19. Qxb3 Qa6 20. Rhd1 Nd7
21. Ka1 Nb6 22. d5 Nxd5 23. Nxd5 cxd5 24. Qxd5 Rf8 25. a3 h6 26. Rd2 b5 27. Rd4
Rfe8 28. Rc7 b4 29. Rxb4 Qf1+ 30. Ka2 Qxf2 31. Rbb7 Rf6 32. Rxa7 Rb8 33. Rab7
Rxb7 34. Rc8+ Kh7 35. Qxe4+ g6 36. Qxb7 Qxe3 37. Rc3 Qe6+ 38. Qb3 Qe4 39. a4
Rf1 40. Qc4 Qb1+ 41. Ka3 Rf2 42. Qb3 Rf4 43. Rc4 Qa1+ 44. Kb4 Rf2 45. Rc2 Rf4+
46. Rc4 Rf2 47. Qc3 Rxb2+ 48. Kc5 Qb1 49. Qc1 Qa2 50. Kc6 Qb3 51. Qf4 Qb7+ 52.
Kc5 Qb6+ 53. Kd5 Rd2+ 54. Rd4 Qa5+ 55. Kd6 Qb6+ 56. Kd5 Qa5+ 57. Kd6 Qb6+ 58.
Kd5 Qa5+ 1/2-1/2

[Event "24. Copenhagen Open  (Politiken Cup)"]
[Site "Copenhagen"]
[Date "2002.07.23"]
[Round "8"]
[White "Cech, Pavel"]
[Black "Rohrmueller, Ulrich"]
[Result "1/2-1/2"]
[WhiteElo "2316"]
[BlackElo "2257"]
[PlyCount "92"]
[EventDate "2002.07.15"]
[EventType "swiss"]
[EventRounds "11"]
[EventCountry "DEN"]
[SourceDate "2004.01.01"]

1. d4 d5 2. c4 e6 3. Nc3 Nf6 4. Bg5 Be7 5. cxd5 exd5 6. e3 c6 7. Bd3 O-O 8. Qc2
Nbd7 9. Nf3 Re8 10. O-O Nf8 11. h3 Be6 12. Rab1 N6d7 13. Bf4 Ng6 14. b4 Rc8 15.
Rfe1 Ndf8 16. Bg3 Bd6 17. Bxd6 Qxd6 18. Na4 Rc7 19. Nc5 Bc8 20. e4 Nf4 21. e5
Qh6 22. Bf5 b6 23. Bxc8 Rexc8 24. Nb3 Qh5 25. Re3 N8e6 26. Rc1 h6 27. Ne1 c5
28. bxc5 bxc5 29. dxc5 d4 30. Re4 Rxc5 31. Nxc5 Rxc5 32. Qxc5 Nxc5 33. Rxc5 Qd1
34. Rxf4 d3 35. Kh2 d2 36. Rc8+ Kh7 37. Nf3 Qc1 38. Rxc1 dxc1=Q 39. Rxf7 Qa3
40. Rf4 Qxa2 41. Nd4 Qd5 42. e6 Qe5 43. g3 Kg8 44. Rf3 Kh7 45. Re3 Qxd4 46. e7
Qd2 1/2-1/2

[Event "24. Copenhagen Open  (Politiken Cup)"]
[Site "Copenhagen"]
[Date "2002.07.23"]
[Round "8"]
[White "Christensen, Stefan"]
[Black "Skovgaard, Tom"]
[Result "1-0"]
[WhiteElo "2194"]
[BlackElo "2074"]
[PlyCount "99"]
[EventDate "2002.07.15"]
[EventType "swiss"]
[EventRounds "11"]
[EventCountry "DEN"]
[SourceDate "2004.01.01"]

1. e4 Nf6 2. e5 Nd5 3. d4 d6 4. c4 Nb6 5. exd6 cxd6 6. Nc3 g6 7. Be3 Bg7 8. Rc1
O-O 9. b3 Nc6 10. d5 Nb8 11. Be2 e5 12. dxe6 fxe6 13. Nf3 Nc6 14. O-O Ne5 15.
c5 dxc5 16. Bxc5 Re8 17. Nxe5 Bxe5 18. Bb5 Nd7 19. Bd4 Bxd4 20. Qxd4 Nf6 21.
Qe5 Bd7 22. Rfd1 Qe7 23. Bc4 Rac8 24. Re1 Rc5 25. Qe3 b5 26. Bf1 b4 27. Ne4
Nxe4 28. Qxe4 Bc6 29. Qf4 Rxc1 30. Rxc1 Rf8 31. Qe5 Rf5 32. Qb8+ Rf8 33. Qe5
Rf5 34. Qe3 Bd5 35. Bc4 Qd7 36. Bd3 Rf8 37. Qd4 a5 38. Bc4 Rc8 39. Rd1 Qc6 40.
Bxd5 Qxd5 41. Qg4 Qf5 42. Qe2 Rc2 43. Qe3 Rxa2 44. Rd8+ Kg7 45. Rd7+ Kf6 46. g3
e5 47. Qb6+ Kg5 48. Qd8+ Kg4 49. h3+ Kf3 50. Rd3+ 1-0

[Event "24. Copenhagen Open  (Politiken Cup)"]
[Site "Copenhagen"]
[Date "2002.07.23"]
[Round "8"]
[White "Dogru, Latif"]
[Black "Rasmussen, Bent"]
[Result "0-1"]
[WhiteElo "1224"]
[BlackElo "1658"]
[PlyCount "102"]
[EventDate "2002.07.15"]
[EventType "swiss"]
[EventRounds "11"]
[EventCountry "DEN"]
[SourceDate "2004.01.01"]

1. e4 e5 2. Nf3 Nc6 3. Bb5 a6 4. Bxc6 dxc6 5. Nc3 f6 6. d4 exd4 7. Qxd4 Qxd4 8.
Nxd4 Bd7 9. Be3 O-O-O 10. O-O-O Bb4 11. Nde2 Ne7 12. a3 Bd6 13. Na4 Bg4 14. f3
Bh5 15. Rd2 f5 16. Ng3 Bg6 17. exf5 Nxf5 18. Nxf5 Bxf5 19. Rhd1 Be5 20. Rxd8+
Rxd8 21. Rxd8+ Kxd8 22. c3 Bxh2 23. Kd2 Bd6 24. Nc5 Bc8 25. Ne4 h6 26. Bd4 Bf4+
27. Kc2 g6 28. a4 Bf5 29. g4 Bxe4+ 30. fxe4 h5 31. gxh5 gxh5 32. Bf6+ Kd7 33.
Bh4 Ke6 34. Kd3 b5 35. a5 c5 36. b3 c6 37. c4 Bc7 38. cxb5 cxb5 39. Be1 Bd8 40.
Ke3 Bg5+ 41. Kf3 Kd7 42. b4 c4 43. Bc3 Ke6 44. e5 Kf5 45. Bd4 Bh6 46. Kg3 Ke6
47. Bc3 Bg7 48. Kh4 Bxe5 49. Bd2 c3 50. Bc1 Kd5 51. Kxh5 Kc4 0-1

[Event "24. Copenhagen Open  (Politiken Cup)"]
[Site "Copenhagen"]
[Date "2002.07.23"]
[Round "8"]
[White "Dominguez, Lenier"]
[Black "Rasmussen, Allan Stig"]
[Result "1-0"]
[WhiteElo "2613"]
[BlackElo "2305"]
[PlyCount "49"]
[EventDate "2002.07.15"]
[EventType "swiss"]
[EventRounds "11"]
[EventCountry "DEN"]
[SourceDate "2004.01.01"]

1. e4 c6 2. d4 d5 3. Nd2 dxe4 4. Nxe4 Nd7 5. Ng5 Ngf6 6. Bd3 e6 7. N1f3 Bd6 8.
Qe2 h6 9. Ne4 Nxe4 10. Qxe4 c5 11. O-O Nf6 12. Qh4 cxd4 13. Re1 Bd7 14. Nxd4
Qa5 15. Be3 Rd8 16. Nf5 Bf8 17. Bd4 Bc6 18. Qg3 Kd7 19. Nxg7 Be7 20. Qh3 Qd5
21. Rad1 Kc7 22. Bf1 Rhg8 23. Bxf6 Qxd1 24. Rxd1 Rxd1 25. Qg3+ 1-0

[Event "24. Copenhagen Open  (Politiken Cup)"]
[Site "Copenhagen"]
[Date "2002.07.23"]
[Round "8"]
[White "Draeger, Michael"]
[Black "Jorgensen, Morten"]
[Result "1-0"]
[WhiteElo "1549"]
[BlackElo "1257"]
[PlyCount "91"]
[EventDate "2002.07.15"]
[EventType "swiss"]
[EventRounds "11"]
[EventCountry "DEN"]
[SourceDate "2004.01.01"]

1. e4 c5 2. Nf3 e6 3. d4 cxd4 4. Nxd4 Nf6 5. Nc3 Bb4 6. Bd2 Qb6 7. Nb3 Nc6 8.
f3 Na5 9. Bd3 Nxb3 10. cxb3 a6 11. Qe2 Bc5 12. Na4 Qa7 13. Nxc5 Qxc5 14. Rc1
Qa7 15. Rc7 Qd4 16. Be3 Qb4+ 17. Rc3 d6 18. O-O O-O 19. Rfc1 Qa5 20. Bb1 Bd7
21. Qf2 Rfc8 22. Qg3 Ne8 23. e5 Qxe5 24. Qh4 Nf6 25. Bd4 Rxc3 26. Rxc3 Qe2 27.
Re3 Qd2 28. Re1 e5 29. Bc3 Qd5 30. h3 b5 31. b4 Rc8 32. a3 Qe6 33. f4 Qc4 34.
Rd1 Qe6 35. fxe5 dxe5 36. Qe1 Qb6+ 37. Kh2 Re8 38. Qg3 Bc8 39. Bxe5 h6 40. Rd6
Qb7 41. Bxf6 g6 42. Bxg6 fxg6 43. Qxg6+ Kf8 44. Qxh6+ Kg8 45. Qh8+ Kf7 46. Qg7#
1-0

[Event "24. Copenhagen Open  (Politiken Cup)"]
[Site "Copenhagen"]
[Date "2002.07.23"]
[Round "8"]
[White "Eriksson, Magnus"]
[Black "Andreasen, Bjarke"]
[Result "1-0"]
[WhiteElo "2010"]
[BlackElo "1616"]
[PlyCount "77"]
[EventDate "2002.07.15"]
[EventType "swiss"]
[EventRounds "11"]
[EventCountry "DEN"]
[SourceDate "2004.01.01"]

1. e4 c5 2. Nf3 e6 3. d4 cxd4 4. Nxd4 Nf6 5. Nc3 d6 6. Be2 a6 7. a4 Be7 8. O-O
O-O 9. Be3 b6 10. f4 Bb7 11. Bf3 Nbd7 12. Qe1 Nc5 13. Bd2 Rc8 14. Rd1 g6 15.
Bc1 Qe8 16. e5 Nd5 17. Nxd5 exd5 18. b3 Ne4 19. c4 dxe5 20. fxe5 f5 21. Ne6 Bb4
22. Qxb4 Qxe6 23. Bh6 Rfd8 24. cxd5 Bxd5 25. Rc1 Rxc1 26. Rxc1 b5 27. Bxe4 Bxe4
28. axb5 Qb6+ 29. Qc5 Qxb5 30. Qc7 Qd7 31. Qc4+ Kh8 32. e6 Qa7+ 33. Kh1 Re8 34.
Qc3+ Kg8 35. Qe5 Qb7 36. Rc7 Bxg2+ 37. Kg1 Qb6+ 38. Kxg2 Qxc7 39. Qxc7 1-0